| 000 | 00367nam a22001217a 4500 | ||
|---|---|---|---|
| 008 | 230606b xxu||||| |||| 00| 0 eng d | ||
| 082 |
_a338.96005 _bADR |
||
| 245 |
_aAfrican Development Review _bRevue Africaine de developpement _cAfrican Development Bank |
||
| 260 |
_aSingapore _bAfrican Development Bank _c2006 |
||
| 300 | _a255 p | ||
| 440 | _x10176772 | ||
| 942 |
_2ddc _cBK |
||
| 999 |
_c551 _d551 |
||